000 00366 a2200133 4500
000 nam a22 7a 4500
100 _aHavell, Ernest Binfield
110 _aHavell, Ernest Binfield
245 _ahistory of Aryan rule in India
250 _aLatest edition
260 _bShri Sai Printographers
_c2025
264 _bShri Sai Printographers
_c2025
942 _cBK
999 _c394730
_d394730